| 000 | 00614nam a2200193Ia 4500 | ||
|---|---|---|---|
| 003 | OSt | ||
| 005 | 20240926123034.0 | ||
| 008 | 220927b |||||||| |||| 00| 0 eng d | ||
| 037 | _cTextual | ||
| 040 |
_aSDCL _cSDCL _bhin |
||
| 041 |
_2hin _ahin |
||
| 082 | _aY:1.2'A L3 | ||
| 100 |
_aUpadhyay, Baldev _9391876 |
||
| 245 | 0 |
_aVedic sahitya aur sanskrit : _bVedic sahitya, vedic sanskriti tatha vedic vyakaran ka parichayak pramanik granth / |
|
| 260 |
_aVaranasi : _bSarda Sansthan, _c1973. |
||
| 300 | _a543p. | ||
| 942 |
_hY:1.2'A L3 _cTEXL _2CC |
||
| 999 |
_c707707 _d707707 |
||